00226nam a2200109 4500020001500000082001200015100001600027245003900043250000600082260002000088300000800108 a0748715940 a510 RAM aRamsden E.N aCalculations for A-Level Chemistry a3 aLondonbStanley a298